[Event "Corr"]
[Site "?"]
[Date "1997.12.29"]
[Round "?"]
[White "Mercadal Benejam Josep (ESP)"]
[Black "Seres Ferenc (NOR)"]
[Result "1/2-1/2"]
[WhiteElo "2510"]
[BlackElo "2495"]
[PlyCount "52"]
[EventDate "1997.??.??"]
[Source "www.chesslib.no"]
[SourceDate "2004.05.04"]

1. d4 Nf6 2. c4 g6 3. Nc3 Bg7 4. e4 d6 5. f4 O-O 6. Nf3 c5 7. d5 e6 8. Be2 exd5 9. cxd5 Bg4 10. O-O Nbd7 11. Re1 Re8 12. h3 Bxf3 13. Bxf3 Qa5 14. Be3 b5 15. a3 Nb6 16. e5 Nc4 17. exf6 Nxe3 18. Rxe3 Rxe3 19. fxg7 Rae8 20. f5 b4 21. axb4 Qxb4 22. fxg6 hxg6 23. Qd2 Qf4 24. Rf1 Kxg7 25. Nd1 R3e4 26. Qc3+ Rd4 1/2-1/2

[Event "Grand Hotel Bali - Torneo delle stelle"]
[Site "Benidorm SPA"]
[Date "2007.12.07"]
[Round "3.2"]
[White "Jobava, Baadur"]
[Black "Nebolsina, Vera"]
[Result "1-0"]
[WhiteElo "2644"]
[BlackElo "2349"]
[PlyCount "47"]
[EventDate "2007.12.07"]
[Source "www.chesslib.no"]
[SourceDate "2004.05.04"]

1. c4 Nf6 2. Nc3 g6 3. e4 d6 4. d4 Bg7 5. f4 O-O 6. Nf3 c5 7. d5 e6 8. Be2 exd5 9. cxd5 Bg4 10. O-O Nbd7 11. Re1 Re8 12. Bf1 Rc8 13. h3 Bxf3 14. Qxf3 a6 15. a4 c4 16. Be3 Nc5 17. Bf2 Nb3 18. Rad1 Nd7 19. Kh1 Qa5 20. e5 dxe5 21. d6 Nd4 22. Qxb7 Qd8 23. Nd5 Nc6 24. Ra1 1-0

[Event "Acropolis GM"]
[Site "Athens"]
[Date "2003.08.30"]
[Round "6"]
[White "Mastrovasilis, Dimitrios"]
[Black "Mastrovasilis, Athanasios"]
[Result "1/2-1/2"]
[WhiteElo "2493"]
[BlackElo "2499"]
[PlyCount "40"]
[EventDate "2003.08.25"]
[Source "Roberto Alvarez"]
[SourceDate "2003.09.08"]

1. c4 Nf6 2. Nc3 g6 3. e4 d6 4. d4 Bg7 5. f4 O-O 6. Nf3 c5 7. d5 e6 8. Be2 exd5 9. cxd5 Bg4 10. O-O Nbd7 11. Re1 Re8 12. h3 Bxf3 13. Bxf3 c4 14. Be3 Qa5 15. Kh1 Nc5 16. Bxc5 Qxc5 17. e5 dxe5 18. fxe5 Nd7 19. e6 Ne5 20. exf7+ Nxf7 1/2-1/2

[Event "Corr"]
[Site "?"]
[Date "2001.??.??"]
[Round "?"]
[White "Mercadal Benejam Josep"]
[Black "Crespo Ramon Jose"]
[Result "1-0"]
[WhiteElo "2519"]
[BlackElo "2470"]
[PlyCount "98"]
[EventDate "2001.??.??"]
[Source "www.chesslib.no"]
[SourceDate "2004.05.04"]

1. d4 Nf6 2. c4 g6 3. Nc3 Bg7 4. e4 d6 5. f4 O-O 6. Nf3 c5 7. d5 e6 8. Be2 exd5 9. cxd5 Bg4 10. O-O Nbd7 11. Re1 Re8 12. h3 Bxf3 13. Bxf3 Qa5 14. Be3 b5 15. a3 Nb6 16. e5 Nc4 17. exf6 Nxe3 18. Rxe3 Rxe3 19. fxg7 Rae8 20. f5 gxf5 21. Qd2 c4 22. Rf1 a6 23. Kh2 Qd8 24. a4 bxa4 25. Nd1 R3e5 26. Qf4 Qa5 27. Nf2 Kxg7 28. Rc1 Qb6 29. Rc2 Kf8 30. Qh6+ Kg8 31. Qh4 c3 32. bxc3 Qb1 33. Qg5+ Kf8 34. Rd2 a3 35. Qh6+ Kg8 36. Bh5 a2 37. Qg5+ Kf8 38. Qf6 Qb7 39. Rxa2 Qxd5 40. Rxa6 Re3 41. Ra5 Qe6 42. Qh8+ Ke7 43. Qxh7 d5 44. g3 Qf6 45. Ra7+ Kd8 46. Bxf7 R3e7 47. Ra8+ Kc7 48. Rxe8 Rxf7 49. Qg8 Rd7 1-0

[Event "CRO-chT"]
[Site "Rabac"]
[Date "2003.09.11"]
[Round "5"]
[White "Cebalo, Miso"]
[Black "Mohr, Georg"]
[Result "1/2-1/2"]
[WhiteElo "2510"]
[BlackElo "2474"]
[PlyCount "85"]
[EventDate "2003.09.07"]
[Source "Roberto Alvarez"]
[SourceDate "2003.09.22"]

1. d4 Nf6 2. c4 g6 3. Nc3 Bg7 4. e4 d6 5. f4 O-O 6. Nf3 c5 7. d5 e6 8. Be2 exd5 9. cxd5 Bg4 10. O-O Nbd7 11. Re1 Re8 12. h3 Bxf3 13. Bxf3 Qa5 14. Be3 b5 15. a3 Nb6 16. Bf2 Nc4 17. Qc2 Nd7 18. Be2 Rab8 19. a4 b4 20. Nb5 Nxb2 21. Nxd6 b3 22. Qb1 Nxa4 23. Ra3 Red8 24. Rxb3 Nc3 25. Nc4 Qa6 26. Rxb8 Rxb8 27. Qc2 Rb4 28. Bf1 Rxc4 29. Bxc4 Qxc4 30. e5 Qb4 31. e6 fxe6 32. dxe6 Nf6 33. Qd3 c4 34. Qd8+ Qf8 35. e7 Qe8 36. Qd4 Ncd5 37. Qxc4 Qf7 38. Qc8+ Ne8 39. Bxa7 h5 40. Bc5 Nxf4 41. g3 Nd5 42. Rf1 Bf6 43. Qd7 1/2-1/2

[Event "It (open)"]
[Site "?"]
[Date "2005.08.10"]
[Round "5"]
[White "Khmelniker Ilya"]
[Black "Stellwagen Daniel"]
[Result "1-0"]
[WhiteElo "2447"]
[BlackElo "2533"]
[PlyCount "131"]
[EventDate "2005.??.??"]
[Source "www.chesslib.no"]
[SourceDate "2004.05.04"]

1. d4 Nf6 2. c4 g6 3. Nc3 Bg7 4. e4 d6 5. f4 O-O 6. Nf3 c5 7. d5 e6 8. Be2 exd5 9. cxd5 Bg4 10. O-O Nbd7 11. Re1 Ne8 12. h3 Bxf3 13. Bxf3 a6 14. a4 Nc7 15. Be3 Rb8 16. a5 b5 17. axb6 Rxb6 18. e5 dxe5 19. fxe5 Bxe5 20. Na4 Rd6 21. Bxc5 Nxc5 22. Nxc5 Bxb2 23. Rb1 Qf6 24. Ne4 Qd4+ 25. Kh1 Rb6 26. Qxd4 Bxd4 27. Rxb6 Bxb6 28. Nf6+ Kg7 29. Nd7 Ba5 30. Rc1 Re8 31. Nc5 Nb5 32. Rd1 Bb4 33. Nb7 Nd6 34. Rb1 Ba3 35. Rb3 Nb5 36. Rxa3 Nxa3 37. d6 Rb8 38. d7 a5 39. d8=Q Rxd8 40. Nxd8 Nc2 41. Bd1 Ne3 42. Bb3 f5 43. Nc6 g5 44. Nxa5 g4 45. hxg4 fxg4 46. Nc4 Nf5 47. Bc2 Nd4 48. Ne3 Kf6 49. Bxh7 Kg5 50. g3 Nc6 51. Bf5 Ne5 52. Bc8 Kh5 53. Kg2 Kg5 54. Kf2 Nd3+ 55. Ke2 Ne5 56. Kd2 Kh5 57. Kc3 Kg5 58. Kd4 Nf3+ 59. Kd3 Ne5+ 60. Ke4 Nf7 61. Bxg4 Nd6+ 62. Kd5 Ne8 63. Bf3 Nf6+ 64. Ke6 Ne8 65. Ke7 Nc7 66. Be2 1-0

[Event "Bajmok"]
[Site "Bajmok"]
[Date "1980.??.??"]
[Round "?"]
[White "Pinter, Jozsef"]
[Black "Djuric, Stefan"]
[Result "1-0"]
[WhiteElo "2535"]
[BlackElo "2440"]
[PlyCount "79"]
[EventDate "1980.??.??"]
[Source "www.chesslib.no"]
[SourceDate "2004.05.04"]

1. d4 Nf6 2. c4 e6 3. Nc3 c5 4. d5 exd5 5. cxd5 d6 6. e4 g6 7. f4 Bg7 8. Bb5+ Nfd7 9. Bd3 O-O 10. Nf3 Nf6 11. O-O a6 12. a4 Bg4 13. h3 Bxf3 14. Qxf3 Nbd7 15. Bd2 Qc7 16. Bc4 Nb6 17. b3 Nfd7 18. Rae1 Rae8 19. Qd3 Qd8 20. e5 dxe5 21. f5 e4 22. Nxe4 Bd4+ 23. Kh1 Ne5 24. Qc2 Nbxc4 25. bxc4 f6 26. fxg6 hxg6 27. Bh6 Rf7 28. Nxc5 Rh7 29. Rxe5 Rxh6 30. Rxe8+ Qxe8 31. Ne6 Be5 32. c5 Rh4 33. Qb1 Qf7 34. Qb3 Kh8 35. Rd1 Qd7 36. d6 Re4 37. Nf8 Qg7 38. d7 Qxf8 39. Qd5 Bc7 40. Qxe4 1-0

[Event "US Open"]
[Site "Palo Alto"]
[Date "1981.??.??"]
[Round "12"]
[White "Gurevich, Dmitry B"]
[Black "Gheorghiu, Florin"]
[Result "0-1"]
[WhiteElo "2425"]
[BlackElo "2545"]
[PlyCount "101"]
[EventDate "1981.??.??"]
[Source "www.chesslib.no"]
[SourceDate "2004.05.04"]

1. d4 Nf6 2. c4 c5 3. d5 d6 4. Nc3 g6 5. e4 Bg7 6. f4 O-O 7. Nf3 a6 8. a4 e6 9. Be2 exd5 10. cxd5 Bg4 11. h3 Bxf3 12. Bxf3 Nbd7 13. g4 h6 14. h4 Nh7 15. Kf2 c4 16. Be3 Rc8 17. Bd4 Nc5 18. Bxg7 Nd3+ 19. Kg3 Kxg7 20. Qd2 g5 21. Ne2 Qf6 22. hxg5 hxg5 23. Rh5 gxf4+ 24. Nxf4 Qxf4+ 25. Qxf4 Nxf4 26. Kxf4 f6 27. Rah1 Ng5 28. e5 dxe5+ 29. Kf5 c3 30. Rh6 c2 31. d6 c1=Q 32. Rg6+ Kf7 33. Rxc1 Nxf3 34. Rxf6+ Kg7 35. Rxf8 Rxf8+ 36. Ke6 e4 37. Rc7+ Kg6 38. Re7 Ng5+ 39. Kd5 Rf2 40. Rxb7 Rd2+ 41. Kc6 Kf6 42. Re7 Rxb2 43. Re8 Rc2+ 44. Kb6 Ne6 45. g5+ Kf5 46. g6 Rd2 47. Kc6 Rc2+ 48. Kd7 Nc5+ 49. Ke7 Kxg6 50. Rc8 e3 51. d7 0-1

[Event "Trnava"]
[Site "?"]
[Date "1987.??.??"]
[Round "?"]
[White "Kouatly, B."]
[Black "Kindermann, S."]
[Result "1/2-1/2"]
[WhiteElo "2440"]
[BlackElo "2520"]
[PlyCount "80"]
[EventDate "1987.??.??"]
[Source "ChessBase"]
[SourceDate "1987.01.01"]

1. d4 Nf6 2. c4 g6 3. Nc3 Bg7 4. e4 d6 5. f4 O-O 6. Nf3 c5 7. d5 e6 8. Be2 exd5 9. cxd5 Bg4 10. O-O Nbd7 11. h3 Bxf3 12. Bxf3 Re8 13. g4 h6 14. h4 h5 15. g5 Ng4 16. Bxg4 hxg4 17. Re1 c4 18. Be3 Bxc3 19. bxc3 Rxe4 20. Qxg4 Qe7 21. Bf2 Nc5 22. Rxe4 Qxe4 23. Bxc5 dxc5 24. Rd1 Rd8 25. d6 b5 26. Kf2 b4 27. Qf3 Qe6 28. h5 gxh5 29. Qxh5 Rxd6 30. Rh1 Rd2+ 31. Kf1 Kf8 32. g6 Qxg6 33. Qxc5+ Qd6 34. Qc8+ Ke7 35. Qb7+ Qd7 36. Qe4+ Qe6 37. Qb7+ Rd7 38. Qxb4+ Qd6 39. Ke2 Qxb4 40. cxb4 Rd3 1/2-1/2

[Event "Corr"]
[Site "?"]
[Date "2002.06.15"]
[Round "?"]
[White "Knudsen John C.(USA)"]
[Black "Hervet Gilles (FRA)"]
[Result "1-0"]
[WhiteElo "2480"]
[BlackElo "2475"]
[PlyCount "87"]
[EventDate "2002.??.??"]
[Source "www.chesslib.no"]
[SourceDate "2004.05.04"]

1. d4 Nf6 2. c4 g6 3. Nc3 Bg7 4. e4 d6 5. f4 O-O 6. Nf3 c5 7. d5 e6 8. Be2 exd5 9. cxd5 Bg4 10. O-O Nbd7 11. h3 Bxf3 12. Bxf3 Re8 13. a4 c4 14. Be3 Qa5 15. Bd4 Re7 16. Kh1 Nc5 17. e5 Ne8 18. Nb5 Nb3 19. Bc3 Qb6 20. Rb1 a6 21. Na3 Qc5 22. Re1 b5 23. axb5 axb5 24. Nc2 Rb7 25. Nd4 Nxd4 26. Bxd4 Qc7 27. g3 f6 28. exd6 Nxd6 29. Re6 Qd8 30. Qe2 f5 31. Be5 Rd7 32. Re1 Bxe5 33. fxe5 Ne4 34. Bxe4 fxe4 35. Qxe4 Qg5 36. Rf6 Re8 37. Rff1 Qxg3 38. Re3 Qg5 39. Qd4 Rf8 40. Rxf8+ Kxf8 41. Rf3+ Rf7 42. Rxf7+ Kxf7 43. e6+ Ke7 44. Qc5+ 1-0

[Event "Campionato europeo 2007"]
[Site "Dresda GER"]
[Date "2007.04.11"]
[Round "8.101"]
[White "Khmelniker, Ilya"]
[Black "Cvitan, Ognjen"]
[Result "1/2-1/2"]
[WhiteElo "2411"]
[BlackElo "2540"]
[PlyCount "56"]
[EventDate "2007.04.03"]
[Source "www.chesslib.no"]
[SourceDate "2004.05.04"]

1. d4 Nf6 2. c4 g6 3. Nc3 Bg7 4. e4 d6 5. f4 O-O 6. Nf3 c5 7. d5 e6 8. Be2 exd5 9. cxd5 Bg4 10. O-O Nbd7 11. Re1 Re8 12. Bf1 a6 13. a4 Nh5 14. h3 Bxf3 15. Qxf3 Qh4 16. Rd1 Qg3 17. Be2 Bd4+ 18. Kh1 Qxf3 19. Bxf3 Bxc3 20. bxc3 Ng3+ 21. Kh2 Nxe4 22. Re1 f5 23. c4 Nb6 24. Rb1 Nxc4 25. Rxb7 Rab8 26. Ra7 Ra8 27. Rb7 Rab8 28. Ra7 Ra8 1/2-1/2

[Event "H.del Infante"]
[Site "?"]
[Date "1990.??.??"]
[Round "?"]
[White "Vera"]
[Black "Danailov"]
[Result "1/2-1/2"]
[WhiteElo "2485"]
[BlackElo "2460"]
[PlyCount "60"]
[EventDate "1990.??.??"]
[Source "www.chesslib.no"]
[SourceDate "2004.05.04"]

1. d4 Nf6 2. c4 g6 3. Nc3 Bg7 4. e4 d6 5. f4 O-O 6. Nf3 c5 7. d5 e6 8. Be2 exd5 9. cxd5 Bg4 10. O-O Nbd7 11. Re1 Re8 12. h3 Bxf3 13. Bxf3 a6 14. g4 h6 15. h4 b5 16. g5 hxg5 17. hxg5 Nh7 18. Kg2 b4 19. Ne2 a5 20. Rh1 c4 21. Qe1 Ndf8 22. Qh4 f6 23. gxf6 Qxf6 24. Qg4 Rac8 25. Rb1 Qd8 26. Qg3 Nf6 27. e5 dxe5 28. fxe5 Nxd5 29. Bg5 Qd7 30. Rbd1 Rc5 1/2-1/2

[Event "ARG-ch sf"]
[Site "ARG"]
[Date "1997.??.??"]
[Round "?"]
[White "Hoffman, Alejandro"]
[Black "Sorin, Ariel"]
[Result "1-0"]
[WhiteElo "2480"]
[BlackElo "2460"]
[PlyCount "79"]
[EventDate "1997.??.??"]
[Source "www.chesslib.no"]
[SourceDate "2004.05.04"]

1. d4 Nf6 2. c4 g6 3. Nc3 Bg7 4. e4 d6 5. f4 O-O 6. Nf3 c5 7. d5 e6 8. Be2 exd5 9. cxd5 b5 10. e5 dxe5 11. fxe5 Ng4 12. Bf4 Nd7 13. Bxb5 Ndxe5 14. O-O c4 15. Nxe5 Nxe5 16. Kh1 Rb8 17. Qe2 Bg4 18. Qe3 a6 19. Bxe5 Qe7 20. Rae1 Qxe5 21. Qxe5 Bxe5 22. Bxa6 Rfe8 23. Bxc4 Kg7 24. Bb3 f6 25. h3 Bd7 26. Rd1 Rb4 27. Rfe1 Rd8 28. Ne4 Rc8 29. Ng5 Ba4 30. Bxa4 Rxa4 31. d6 fxg5 32. Rxe5 Rxa2 33. Re7+ Kh6 34. d7 Rd8 35. Re8 Raa8 36. Rxd8 Rxd8 37. b4 Kg7 38. b5 Kf7 39. b6 Ke7 40. b7 1-0

[Event "Open, Andorra AND"]
[Site "?"]
[Date "2001.??.??"]
[Round "2"]
[White "Borbjerggaard, L."]
[Black "Hernandez, Gi"]
[Result "0-1"]
[WhiteElo "2375"]
[BlackElo "2565"]
[PlyCount "82"]
[EventDate "2001.??.??"]
[Source "www.chesslib.no"]
[SourceDate "2004.05.04"]

1. d4 Nf6 2. c4 c5 3. d5 g6 4. Nc3 Bg7 5. e4 d6 6. f4 O-O 7. Nf3 e6 8. Be2 exd5 9. cxd5 Bg4 10. O-O Nbd7 11. h3 Bxf3 12. Bxf3 Rb8 13. a4 a6 14. a5 Ne8 15. Qe2 Nc7 16. g4 b5 17. axb6 Rxb6 18. g5 Re8 19. Qg2 Qe7 20. Bg4 Rb4 21. e5 dxe5 22. f5 Qd6 23. Be3 e4 24. f6 Bf8 25. Rad1 Nb5 26. Nxb5 axb5 27. Bf4 Ne5 28. Qg3 Qc7 29. Be6 Bd6 30. Rde1 Kh8 31. Kh1 Rd4 32. Ra1 Rd3 33. Qh2 e3 34. Ra6 Rd2 35. Qg3 e2 36. Re1 Rd1 37. Ra1 Nd3 38. Bxd6 Nxe1 39. Bxc7 Rxa1 40. Qg1 Rd1 41. Bg4 Nf3 0-1

[Event "Smederevska Palanka"]
[Site "Smederevska Palanka"]
[Date "1971.??.??"]
[Round "?"]
[White "Knezevic, Milorad"]
[Black "Zaitsev, Igor A"]
[Result "1/2-1/2"]
[WhiteElo "2420"]
[BlackElo "2520"]
[PlyCount "72"]
[EventDate "1971.??.??"]
[Source "www.chesslib.no"]
[SourceDate "2004.05.04"]

1. d4 Nf6 2. c4 g6 3. Nc3 Bg7 4. e4 d6 5. f4 O-O 6. Nf3 c5 7. d5 e6 8. Be2 exd5 9. cxd5 Nbd7 10. e5 dxe5 11. fxe5 Ng4 12. e6 Nde5 13. Ng5 c4 14. O-O Qb6+ 15. Kh1 Nf2+ 16. Rxf2 Qxf2 17. Nge4 Qb6 18. e7 Re8 19. d6 Qc6 20. Nd5 Kh8 21. Ndf6 Bf5 22. Bf3 Nd3 23. Qe2 Bxf6 24. Ng5 Qc5 25. Be3 Rxe7 26. Nxf7+ Kg7 27. dxe7 Qxe7 28. Bd5 Be6 29. Bxe6 Qxe6 30. Ng5 Bxg5 31. Bd4+ Kf7 32. Qf3+ Kg8 33. Qxb7 Nf2+ 34. Kg1 Nh3+ 35. Kh1 Nf2+ 36. Kg1 Nh3+ 1/2-1/2

[Event "Campionato europeo 2007"]
[Site "Dresda GER"]
[Date "2007.04.14"]
[Round "11.103"]
[White "Khmelniker, Ilya"]
[Black "David, Alberto"]
[Result "1/2-1/2"]
[WhiteElo "2411"]
[BlackElo "2525"]
[PlyCount "102"]
[EventDate "2007.04.03"]
[Source "www.chesslib.no"]
[SourceDate "2004.05.04"]

1. d4 Nf6 2. c4 g6 3. Nc3 Bg7 4. e4 d6 5. f4 O-O 6. Nf3 c5 7. d5 e6 8. Be2 exd5 9. cxd5 Bg4 10. O-O Nbd7 11. Re1 Re8 12. Bf1 a6 13. a4 Nh5 14. g3 f5 15. Be2 Bxc3 16. bxc3 Rxe4 17. Ng5 Rxe2 18. Rxe2 Ndf6 19. c4 Qd7 20. Bb2 Ne4 21. Nxe4 fxe4 22. Qc2 Bxe2 23. Qxe2 Re8 24. Rf1 Qf5 25. Qe3 Ng7 26. Qc3 Re7 27. Re1 Qd7 28. a5 e3 29. Rxe3 Rxe3 30. Qxe3 Nf5 31. Qe2 Kf8 32. g4 Nd4 33. Bxd4 cxd4 34. Qe6 Qe7 35. f5 gxf5 36. gxf5 d3 37. Qh6+ Kg8 38. f6 Qd7 39. Qg5+ Kf8 40. Kf2 d2 41. Ke2 d1=Q+ 42. Kxd1 Qa4+ 43. Kd2 Qb4+ 44. Kd3 Qb3+ 45. Kd4 Qb2+ 46. Ke4 Qb1+ 47. Kd4 Qb2+ 48. Kd3 Qb3+ 49. Kd2 Qb4+ 50. Kd3 Qb3+ 51. Kd2 Qb4+ 1/2-1/2

[Event "Memorial G.Agzamov"]
[Site "Tashkent (Uzbekistan)"]
[Date "1988.??.??"]
[Round "?"]
[White "Barsov, Alexei"]
[Black "Yurtaev, Leonid"]
[Result "0-1"]
[WhiteElo "2450"]
[BlackElo "2485"]
[PlyCount "90"]
[EventDate "1988.??.??"]
[Source "www.chesslib.no"]
[SourceDate "2004.05.04"]

1. d4 Nf6 2. c4 g6 3. Nc3 Bg7 4. e4 d6 5. f4 c5 6. d5 O-O 7. Nf3 e6 8. Be2 exd5 9. cxd5 Bg4 10. O-O Nbd7 11. h3 Bxf3 12. Bxf3 c4 13. Be3 Re8 14. Bd4 Rc8 15. Re1 Nc5 16. Bxc5 Rxc5 17. e5 dxe5 18. fxe5 Nd7 19. e6 fxe6 20. dxe6 Ne5 21. Qxd8 Nxf3+ 22. gxf3 Rxd8 23. Rad1 Re8 24. e7 Re5 25. Rxe5 Bxe5 26. Rd7 Kf7 27. Rxb7 Rxe7 28. Rb4 Rc7 29. Kf1 Ke6 30. Ke2 Rc6 31. Ke3 Rb6 32. Rxb6+ axb6 33. Ke4 Bxc3 34. bxc3 b5 35. Kd4 Kd6 36. h4 Kc6 37. f4 Kd6 38. Ke4 Kc5 39. a3 Kb6 40. h5 Ka5 41. Ke5 Ka4 42. hxg6 hxg6 43. Kf6 Kxa3 44. Kxg6 b4 45. f5 b3 0-1

[Event "Biel MTO op"]
[Site "Biel"]
[Date "2000.08.02"]
[Round "9"]
[White "Cebalo, Miso"]
[Black "Balcerak, Jakob"]
[Result "0-1"]
[WhiteElo "2520"]
[BlackElo "2413"]
[PlyCount "102"]
[EventDate "2000.07.24"]
[Source "ChessBase"]
[SourceDate "2000.09.14"]

1. d4 Nf6 2. c4 g6 3. Nc3 Bg7 4. e4 d6 5. f4 O-O 6. Nf3 c5 7. d5 e6 8. Be2 exd5 9. cxd5 Bg4 10. O-O Nbd7 11. Re1 Re8 12. h3 Bxf3 13. Bxf3 Qa5 14. Be3 b5 15. a3 Nb6 16. Bf2 Nc4 17. Qc2 Nd7 18. Be2 Rab8 19. a4 b4 20. Nb5 Nxb2 21. Nxd6 b3 22. Qb1 Nxa4 23. Ra3 c4 24. Nxe8 Bf8 25. d6 Qb4 26. Rxa4 Qxa4 27. Nc7 c3 28. e5 Qxf4 29. Nb5 c2 30. Qxb3 c1=Q 31. Rxc1 Qxc1+ 32. Kh2 Nxe5 33. Qd5 Nd7 34. Bxa7 Rc8 35. Bf2 Qb2 36. Qf3 Qf6 37. Qg3 Qe5 38. Qxe5 Nxe5 39. Bd4 f6 40. Bxe5 fxe5 41. d7 Rd8 42. Bg4 Bc5 43. Kg3 h5 44. Be6+ Kf8 45. h4 Ke7 46. Bh3 Rb8 47. Nc7 Rb3+ 48. Kh2 Bf2 49. g3 Bxg3+ 50. Kg2 Bxh4 51. Ne6 Rg3+ 0-1

[Event "Tch (Men) 2005/2006 NED"]
[Site "?"]
[Date "2005.09.24"]
[Round "1"]
[White "Cardon Helmut"]
[Black "Stellwagen Daniel"]
[Result "0-1"]
[WhiteElo "2397"]
[BlackElo "2533"]
[PlyCount "84"]
[EventDate "2005.??.??"]
[Source "www.chesslib.no"]
[SourceDate "2004.05.04"]

1. d4 Nf6 2. c4 g6 3. Nc3 Bg7 4. e4 d6 5. f4 O-O 6. Nf3 c5 7. d5 e6 8. Be2 exd5 9. cxd5 Bg4 10. O-O Nbd7 11. Re1 Ne8 12. Be3 Nc7 13. Nd2 Bxe2 14. Qxe2 Re8 15. a4 f5 16. Qf3 Nf6 17. exf5 gxf5 18. h3 a6 19. g4 b5 20. g5 Nd7 21. a5 c4 22. Qf2 Nc5 23. Bxc5 dxc5 24. Rxe8+ Nxe8 25. Qxc5 Rc8 26. Qe3 b4 27. Qe6+ Kh8 28. Na4 Nc7 29. Qxf5 Nxd5 30. Nf3 Qg8 31. Nb6 Rd8 32. Nxc4 Rf8 33. Qd7 Nxf4 34. Nce5 Bxe5 35. Nxe5 Qxg5+ 36. Ng4 Rd8 37. Qf7 Qc5+ 38. Kh2 Rf8 39. Qb3 h5 40. Ne3 Qe5 41. Kh1 Qe4+ 42. Kh2 Qf3 0-1

[Event "Bydgoszcz Bank Pocztowy op"]
[Site "Bydgoszcz"]
[Date "1999.07.16"]
[Round "5"]
[White "Simantsev, Mikhail"]
[Black "Kuzmin, Gennadi P"]
[Result "1/2-1/2"]
[WhiteElo "2409"]
[BlackElo "2518"]
[PlyCount "90"]
[EventDate "1999.07.12"]
[Source "www.chesslib.no"]
[SourceDate "2004.05.04"]

1. d4 c5 2. d5 g6 3. c4 Bg7 4. Nc3 d6 5. e4 Nf6 6. f4 O-O 7. Nf3 a6 8. a4 e6 9. Be2 exd5 10. cxd5 Bg4 11. O-O Nbd7 12. Re1 Re8 13. h3 Bxf3 14. Bxf3 c4 15. Be3 Qa5 16. Qe2 Rac8 17. Qf2 h5 18. Bd4 Nc5 19. Bxc5 Qxc5 20. Qxc5 Rxc5 21. e5 dxe5 22. fxe5 Nd7 23. Ne4 Bxe5 24. Nxc5 Nxc5 25. Kf1 Kf8 26. Re2 Bd6 27. Rxe8+ Kxe8 28. Be2 Nb3 29. Ra2 Na5 30. Ke1 Be5 31. Kd1 Kd7 32. Kc2 Kd6 33. Ra1 f6 34. Rd1 b5 35. axb5 axb5 36. Ra1 Nb3 37. Ra6+ Kxd5 38. Bf3+ Kc5 39. Bd1 Kb4 40. Ra8 Nc5 41. Rg8 g5 42. Bxh5 Na4 43. Bf7 Nxb2 44. g3 Nd3 45. h4 gxh4 1/2-1/2

[Event "Abonyi tn ABO/14"]
[Site "Abonyi tn ABO/14"]
[Date "1994.??.??"]
[Round "?"]
[White "Blokh, Maksim V"]
[Black "Gunnas, Martin"]
[Result "1-0"]
[WhiteElo "2610"]
[BlackElo "2315"]
[PlyCount "59"]
[EventDate "1994.??.??"]
[Source "www.chesslib.no"]
[SourceDate "2004.05.04"]

1. d4 Nf6 2. c4 g6 3. Nc3 Bg7 4. e4 d6 5. f4 O-O 6. Nf3 c5 7. d5 e6 8. Be2 exd5 9. cxd5 b5 10. e5 dxe5 11. fxe5 Ng4 12. Bg5 Qb6 13. O-O Nd7 14. e6 fxe6 15. dxe6 c4+ 16. Kh1 Ndf6 17. e7 Re8 18. Qd4 Qxd4 19. Nxd4 b4 20. Ncb5 Ne4 21. Bxc4+ Kh8 22. Bd5 Nxg5 23. Rae1 Bd7 24. Bxa8 Rxa8 25. h4 Kg8 26. hxg5 Be5 27. Rxe5 Nxe5 28. Nc7 Rc8 29. Nde6 Nf7 30. Nd8 1-0

[Event "It"]
[Site "Vancouver"]
[Date "1975.??.??"]
[Round "7"]
[White "Forintos, Gyozo V"]
[Black "Watson, John L"]
[Result "1/2-1/2"]
[WhiteElo "2490"]
[BlackElo "2430"]
[PlyCount "52"]
[EventDate "1975.??.??"]
[Source "www.chesslib.no"]
[SourceDate "2004.05.04"]

1. d4 Nf6 2. c4 c5 3. d5 e6 4. Nc3 exd5 5. cxd5 d6 6. e4 g6 7. Be2 Bg7 8. f4 O-O 9. Nf3 Bg4 10. O-O Re8 11. h3 Bxf3 12. Bxf3 Nbd7 13. Qc2 a6 14. a4 Qc7 15. Bd2 c4 16. Rae1 Rac8 17. Kh1 Nc5 18. Re2 Nb3 19. Be3 Nd7 20. Rd1 Qa5 21. Bg4 Rcd8 22. Bxd7 Rxd7 23. Bf2 Nc5 24. Bd4 Nd3 25. Bxg7 Kxg7 26. Rf1 Qc5 1/2-1/2

[Event "Zalakaros Open"]
[Site "Zalakaros"]
[Date "1995.??.??"]
[Round "3"]
[White "Kahn, Evarth"]
[Black "Groszpeter, Attila"]
[Result "1/2-1/2"]
[WhiteElo "2400"]
[BlackElo "2520"]
[PlyCount "37"]
[EventDate "1995.??.??"]
[Source "www.chesslib.no"]
[SourceDate "2004.05.04"]

1. d4 Nf6 2. c4 g6 3. Nc3 Bg7 4. e4 d6 5. f4 O-O 6. Nf3 c5 7. d5 e6 8. Be2 exd5 9. cxd5 Bg4 10. O-O Nbd7 11. a4 Re8 12. h3 Bxf3 13. Bxf3 Qa5 14. Kh1 c4 15. Be3 Nc5 16. Qc2 a6 17. Bxc5 Qxc5 18. Rae1 Re7 19. Re2 1/2-1/2

[Event "Capablanca mem-B"]
[Site "Cuba"]
[Date "1993.??.??"]
[Round "7"]
[White "Arencibia, Walter"]
[Black "Gonzalez, Bernal M"]
[Result "1-0"]
[WhiteElo "2490"]
[BlackElo "2430"]
[PlyCount "45"]
[EventDate "1993.??.??"]
[Source "ChessBase"]

1. d4 Nf6 2. c4 c5 3. d5 e6 4. Nc3 exd5 5. cxd5 d6 6. e4 g6 7. f4 Bg7 8. Nf3 O-O 9. Be2 Bg4 10. O-O Nbd7 11. h3 Bxf3 12. Bxf3 Re8 13. g4 h6 14. h4 Nh7 15. g5 hxg5 16. hxg5 f6 17. gxf6 Qxf6 18. Be3 Re7 19. Kg2 b5 20. e5 Nxe5 21. Ne4 Qh4 22. Rh1 Nc4 23. Bc1 1-0

[Event "Suetin mem"]
[Site "Tula"]
[Date "2002.03.26"]
[Round "4"]
[White "Slavina, Irina"]
[Black "Vaulin, Alexander"]
[Result "1/2-1/2"]
[WhiteElo "2358"]
[BlackElo "2560"]
[PlyCount "55"]
[EventDate "2002.03.23"]
[Source "ChessBase"]
[SourceDate "2002.05.03"]

1. d4 Nf6 2. c4 c5 3. d5 g6 4. Nc3 Bg7 5. e4 O-O 6. f4 d6 7. Nf3 e6 8. Be2 exd5 9. cxd5 Bg4 10. O-O Nbd7 11. Re1 Re8 12. h3 Bxf3 13. Bxf3 c4 14. Be3 Qa5 15. Kh1 Rac8 16. a4 a6 17. Bd4 Nc5 18. Bxc5 Rxc5 19. e5 dxe5 20. fxe5 Nd7 21. e6 fxe6 22. Bg4 Ne5 23. Bxe6+ Kh8 24. Ne4 Nd3 25. Rf1 Rxd5 26. Bxd5 Qxd5 27. Nc3 Qc5 28. Qf3 1/2-1/2

[Event "JUG Team Ch FL"]
[Site "Arandjelovac"]
[Date "1990.??.??"]
[Round "2"]
[White "Ilic, Dragan"]
[Black "Barlov, Dragan"]
[Result "1-0"]
[WhiteElo "2395"]
[BlackElo "2520"]
[PlyCount "83"]
[EventDate "1990.??.??"]
[Source "www.chesslib.no"]
[SourceDate "2004.05.04"]

1. d4 Nf6 2. c4 c5 3. d5 g6 4. Nc3 d6 5. e4 Bg7 6. f4 O-O 7. Nf3 e6 8. Be2 exd5 9. cxd5 Bg4 10. O-O Nbd7 11. h3 Bxf3 12. Bxf3 Re8 13. Qc2 Qa5 14. Bd2 Rac8 15. Nd1 Qc7 16. a4 c4 17. Nf2 Nc5 18. Bc3 Qd8 19. Rad1 Nfd7 20. Bxg7 Kxg7 21. Qxc4 Nxe4 22. Qd4+ Nef6 23. g4 Qb6 24. g5 Qxd4 25. Rxd4 Nh5 26. Bxh5 gxh5 27. Ne4 Rc2 28. Rf2 Rec8 29. Nxd6 Rxf2 30. Kxf2 Rc2+ 31. Kg3 Rxb2 32. Rc4 Rb6 33. Nf5+ Kg6 34. Ne7+ Kg7 35. Rc7 Nf8 36. f5 h6 37. h4 Rb3+ 38. Kf4 Rb4+ 39. Ke5 hxg5 40. hxg5 h4 41. f6+ Kh7 42. Rc8 1-0